Media Canada: (Record no. 15811)

MARC details
000 -LEADER
fixed length control field 00481nam a22001817a 4500
003 - CONTROL NUMBER IDENTIFIER
control field mut
005 - DATE AND TIME OF LATEST TRANSACTION
control field 20240606081343.0
008 - FIXED-LENGTH DATA ELEMENTS--GENERAL INFORMATION
fixed length control field 180223b xxu||||| |||| 00| 0 eng d
020 ## - INTERNATIONAL STANDARD BOOK NUMBER
International Standard Book Number 0773051872
040 ## - CATALOGING SOURCE
Transcribing agency mut
050 ## - LIBRARY OF CONGRESS CALL NUMBER
Classification number P92.C3
Item number .R65 1992
100 ## - MAIN ENTRY--PERSONAL NAME
Personal name Romanow, Walter I.
245 ## - TITLE STATEMENT
Title Media Canada:
Remainder of title an introduction analysis
260 ## - PUBLICATION, DISTRIBUTION, ETC.
Place of publication, distribution, etc. Mississauga, Ont.
Name of publisher, distributor, etc. Copp Clark Pitman
Date of publication, distribution, etc. c1992
650 ## - SUBJECT ADDED ENTRY--TOPICAL TERM
Topical term or geographic name entry element Mass media
Geographic subdivision Canada
700 ## - ADDED ENTRY--PERSONAL NAME
Personal name Soderlund, Walter C.
942 ## - ADDED ENTRY ELEMENTS (KOHA)
Source of classification or shelving scheme Library of Congress Classification
Koha item type Books
Holdings
Withdrawn status Lost status Source of classification or shelving scheme Damaged status Not for loan Home library Current library Shelving location Date acquired Source of acquisition Total checkouts Full call number Barcode Date last seen Price effective from Koha item type
    Library of Congress Classification     Murang'a University of Technology Library Murang'a University of Technology Library General stacks 23/02/2018 Donation-TFC   P92.C3 .R65 1992 019277 30/08/2024 23/02/2018 Books